000 00245nam a22001097a 4500
082 _aSUZ
100 _aSuzi Wells
245 _aWorking english cassette
260 _aLondon
_bHeinemann eudcation and books
_c1987
300 _aIRP
942 _cBK
999 _c14936
_d14936